| 000 | 00326nam a2200121Ia 4500 | ||
|---|---|---|---|
| 008 | 230907s9999||||xx |||||||||||||| ||und|| | ||
| 082 |
_a657 _bBRA |
||
| 100 |
_aBragg, Steven M. _964289 |
||
| 245 | 0 | _aAccounting best practices / | |
| 260 |
_aJohn Wiley & Sons, _bHoboken, N.J. : _c2013 |
||
| 300 | _axix, 473 p. : | ||
| 942 | _cBK | ||
| 999 |
_c598993 _d598993 |
||